000 00406nam a2200145Ia 4500
008 100122s9999 xx 000 0 und d
082 _b60845
_a708
100 _aPUNJA SHOBITA
245 _aMUSEUMS OF INDIA (क.क्र. 4/4)
260 _bPENGUIN BOOKS
_c1998
300 _a307
630 _aMUSEUMS OF INDIA (क.क्र. 4/4)
730 _aMUSEUMS OF INDIA (क.क्र. 4/4)
942 _cBOOK
999 _c378109
_d378106